<?xml version="1.0" encoding="UTF-8"?>
<record
    xmlns:xsi="http://www.w3.org/2001/XMLSchema-instance"
    xsi:schemaLocation="http://www.loc.gov/MARC21/slim http://www.loc.gov/standards/marcxml/schema/MARC21slim.xsd"
    xmlns="http://www.loc.gov/MARC21/slim">

  <leader>01345nam a22001697a 4500</leader>
  <controlfield tag="008">190723b        xxu||||| |||| 00| 0 eng d</controlfield>
  <datafield tag="020" ind1=" " ind2=" ">
    <subfield code="a">9780979502996</subfield>
  </datafield>
  <datafield tag="050" ind1=" " ind2=" ">
    <subfield code="a">RT41.C77</subfield>
  </datafield>
  <datafield tag="100" ind1=" " ind2=" ">
    <subfield code="a">Craven, Heather.</subfield>
  </datafield>
  <datafield tag="245" ind1=" " ind2=" ">
    <subfield code="a">Core Curriculum for Medical-Surgical Nursing. /</subfield>
    <subfield code="c">edited by Heather Craven.</subfield>
  </datafield>
  <datafield tag="250" ind1=" " ind2=" ">
    <subfield code="a">4th ed.</subfield>
  </datafield>
  <datafield tag="260" ind1=" " ind2=" ">
    <subfield code="a">New Jersey :</subfield>
    <subfield code="b">Acadamy of Medical Surgical Nurses;</subfield>
    <subfield code="c">2009.</subfield>
  </datafield>
  <datafield tag="300" ind1=" " ind2=" ">
    <subfield code="a">xii, 545 p. :</subfield>
    <subfield code="b">ill.;</subfield>
    <subfield code="c">28cm.</subfield>
  </datafield>
  <datafield tag="500" ind1=" " ind2=" ">
    <subfield code="a">Includes Index.</subfield>
  </datafield>
  <datafield tag="505" ind1=" " ind2=" ">
    <subfield code="a">Contents: Factors that affect medical-surgical nursing: Patient/family education -- cancer -- Care of the elderly medical-surgical patient -- Behavioral health -- Nutrition -- Immobility -- Pain -- Fluid/Electrolyte/Acid base imbalances -- Shock -- End of life issues -- Perioperative nursing care -- Complementary,alternative and integrative therapies -- Disaster planning -- Nursing assessment and alterations:The gastrointestinal system -- The respiratory system -- The cardio/vascular system -- The endocrine system -- Diabetes -- The renal and urologic systems -- The reproductive system -- The neurologic system -- The musculoskeletal system -- The Hematologic system -- The immune system -- Infectious disease -- The integumentary system -- Professionalism:Domains of nursing practice -- Achieving excellence in medical-surgical nursing. </subfield>
  </datafield>
  <datafield tag="942" ind1=" " ind2=" ">
    <subfield code="2">lcc</subfield>
    <subfield code="c">BK</subfield>
  </datafield>
  <datafield tag="999" ind1=" " ind2=" ">
    <subfield code="c">6794</subfield>
    <subfield code="d">14294</subfield>
  </datafield>
  <datafield tag="952" ind1=" " ind2=" ">
    <subfield code="0">0</subfield>
    <subfield code="1">0</subfield>
    <subfield code="2">lcc</subfield>
    <subfield code="4">0</subfield>
    <subfield code="7">0</subfield>
    <subfield code="a">WIUC-1</subfield>
    <subfield code="b">WIUC-1</subfield>
    <subfield code="c">NURS L.</subfield>
    <subfield code="d">2019-07-23</subfield>
    <subfield code="l">0</subfield>
    <subfield code="o">RT41.C77</subfield>
    <subfield code="p">NURS/627/289/19</subfield>
    <subfield code="r">2019-07-23 00:00:00</subfield>
    <subfield code="t">1</subfield>
    <subfield code="w">2019-07-23</subfield>
    <subfield code="y">BK</subfield>
  </datafield>
  <datafield tag="952" ind1=" " ind2=" ">
    <subfield code="0">0</subfield>
    <subfield code="1">0</subfield>
    <subfield code="2">lcc</subfield>
    <subfield code="4">0</subfield>
    <subfield code="7">0</subfield>
    <subfield code="a">WIUC-1</subfield>
    <subfield code="b">WIUC-1</subfield>
    <subfield code="c">NURS L.</subfield>
    <subfield code="d">2019-07-24</subfield>
    <subfield code="l">0</subfield>
    <subfield code="o">RT41.C771</subfield>
    <subfield code="p">NURS/628/290/19</subfield>
    <subfield code="r">2019-07-24 00:00:00</subfield>
    <subfield code="t">2</subfield>
    <subfield code="w">2019-07-24</subfield>
    <subfield code="y">BK</subfield>
  </datafield>
  <datafield tag="952" ind1=" " ind2=" ">
    <subfield code="0">0</subfield>
    <subfield code="1">0</subfield>
    <subfield code="2">lcc</subfield>
    <subfield code="4">0</subfield>
    <subfield code="7">0</subfield>
    <subfield code="a">WIUC-1</subfield>
    <subfield code="b">WIUC-1</subfield>
    <subfield code="c">NURS L.</subfield>
    <subfield code="d">2019-07-24</subfield>
    <subfield code="l">0</subfield>
    <subfield code="o">RT41.C772</subfield>
    <subfield code="p">NURS/629/291/19</subfield>
    <subfield code="r">2019-07-24 00:00:00</subfield>
    <subfield code="t">3</subfield>
    <subfield code="w">2019-07-24</subfield>
    <subfield code="y">BK</subfield>
  </datafield>
  <datafield tag="952" ind1=" " ind2=" ">
    <subfield code="0">0</subfield>
    <subfield code="1">0</subfield>
    <subfield code="2">lcc</subfield>
    <subfield code="4">0</subfield>
    <subfield code="7">0</subfield>
    <subfield code="a">WIUC-1</subfield>
    <subfield code="b">WIUC-1</subfield>
    <subfield code="c">NURS L.</subfield>
    <subfield code="d">2019-07-24</subfield>
    <subfield code="l">0</subfield>
    <subfield code="o">RT41.C773</subfield>
    <subfield code="p">NURS/630/292/19</subfield>
    <subfield code="r">2019-07-24 00:00:00</subfield>
    <subfield code="t">4</subfield>
    <subfield code="w">2019-07-24</subfield>
    <subfield code="y">BK</subfield>
  </datafield>
  <datafield tag="952" ind1=" " ind2=" ">
    <subfield code="0">0</subfield>
    <subfield code="1">0</subfield>
    <subfield code="2">lcc</subfield>
    <subfield code="4">0</subfield>
    <subfield code="7">0</subfield>
    <subfield code="a">WIUC-1</subfield>
    <subfield code="b">WIUC-1</subfield>
    <subfield code="c">NURS L.</subfield>
    <subfield code="d">2019-07-24</subfield>
    <subfield code="l">0</subfield>
    <subfield code="o">RT41.C774</subfield>
    <subfield code="p">NURS/631/293/19</subfield>
    <subfield code="r">2019-07-24 00:00:00</subfield>
    <subfield code="t">5</subfield>
    <subfield code="w">2019-07-24</subfield>
    <subfield code="y">BK</subfield>
  </datafield>
  <datafield tag="952" ind1=" " ind2=" ">
    <subfield code="0">0</subfield>
    <subfield code="1">0</subfield>
    <subfield code="2">lcc</subfield>
    <subfield code="4">0</subfield>
    <subfield code="7">0</subfield>
    <subfield code="a">WIUC-KL</subfield>
    <subfield code="b">WIUC-KL</subfield>
    <subfield code="c">NURS L.</subfield>
    <subfield code="d">2019-11-27</subfield>
    <subfield code="l">0</subfield>
    <subfield code="o">RT41.C79</subfield>
    <subfield code="p">KSN/831/831/19</subfield>
    <subfield code="r">2022-09-06 00:00:00</subfield>
    <subfield code="t">1</subfield>
    <subfield code="w">2019-07-24</subfield>
    <subfield code="y">BK</subfield>
  </datafield>
  <datafield tag="952" ind1=" " ind2=" ">
    <subfield code="0">0</subfield>
    <subfield code="1">0</subfield>
    <subfield code="2">lcc</subfield>
    <subfield code="4">0</subfield>
    <subfield code="7">0</subfield>
    <subfield code="a">WIUC-KL</subfield>
    <subfield code="b">WIUC-KL</subfield>
    <subfield code="c">NURS L.</subfield>
    <subfield code="d">2019-11-27</subfield>
    <subfield code="l">0</subfield>
    <subfield code="o">RT41.C791(4e)</subfield>
    <subfield code="p">KSN/832/832/19</subfield>
    <subfield code="r">2022-09-06 00:00:00</subfield>
    <subfield code="t">2</subfield>
    <subfield code="w">2019-07-24</subfield>
    <subfield code="y">BK</subfield>
  </datafield>
  <datafield tag="952" ind1=" " ind2=" ">
    <subfield code="0">0</subfield>
    <subfield code="1">0</subfield>
    <subfield code="2">lcc</subfield>
    <subfield code="4">0</subfield>
    <subfield code="7">0</subfield>
    <subfield code="a">WIUC-KL</subfield>
    <subfield code="b">WIUC-KL</subfield>
    <subfield code="c">NURS L.</subfield>
    <subfield code="d">2019-11-27</subfield>
    <subfield code="l">0</subfield>
    <subfield code="o">RT41.C792(4e)</subfield>
    <subfield code="p">KSN/833/833/19</subfield>
    <subfield code="r">2022-09-06 00:00:00</subfield>
    <subfield code="t">3</subfield>
    <subfield code="w">2019-07-24</subfield>
    <subfield code="y">BK</subfield>
  </datafield>
  <datafield tag="952" ind1=" " ind2=" ">
    <subfield code="0">0</subfield>
    <subfield code="1">0</subfield>
    <subfield code="2">lcc</subfield>
    <subfield code="4">0</subfield>
    <subfield code="7">0</subfield>
    <subfield code="a">WIUC-KL</subfield>
    <subfield code="b">WIUC-KL</subfield>
    <subfield code="c">NURS L.</subfield>
    <subfield code="d">2019-11-28</subfield>
    <subfield code="l">0</subfield>
    <subfield code="o">RT41.C793(4e)</subfield>
    <subfield code="p">KSN/871/871/19</subfield>
    <subfield code="r">2022-09-06 00:00:00</subfield>
    <subfield code="t">4</subfield>
    <subfield code="w">2019-07-24</subfield>
    <subfield code="y">BK</subfield>
  </datafield>
</record>
